000 00673nam a2200205 i 4500
001 22369
003 ES-MaACL
005 20250930063037.0
007 t|
008 021202s1943 sp f |||| |bspa d
100 1 _aAlonso Cortés, Narciso,
_d1875-1972
_920277
245 1 0 _aZorrilla
_b: su vida y sus obras /
_cNarciso Alonso Cortés.
250 _a2ª ed.
260 _aValladolid :
_bSantarén,
_c1943 (
_fImp. Castellana)
300 _a1242 p., 20 lám. ;
_c25 cm.
600 1 4 _aZorrilla, José,
_d1817-1893
_9118354
600 1 7 _aZorrilla, José,
_d1817-1893-
_xCrítica e interpretación
_2
_9169965
852 _aES-MaACL
_jB-1777
999 _c22369
_d22369